000 00699nam a2200205 a 4500
005 20210223131802.0
008 080821s1980 mx r 000 0 spa d
035 _aUPN01000185864
049 _aUNE
080 _a373.3 (540) =20 MIN No.46
100 1 _aYousuf, A. M.
245 1 0 _aMinimum learning continuum :
_bFurther information on Indiaa´s comprehensive approach to primary education project
260 _aParís :
_bUNESCO ;
_aNew York :
_bUNICEF,
_c1980.
300 _a32 p.
440 0 _aNotes, comments... ;
_v46.
690 _aEnseñanza primaria - Acceso a la educacion - Paises Arabes
710 2 _aUNICEF
_924085
710 2 _aPrograma de Alimentación Mundial
905 _aUNESCO
999 _c157967
_d157967